| 000 | 00509nam a2200157 a 4500 | ||
|---|---|---|---|
| 005 | 20140412111349.0 | ||
| 008 | 050422s19uu xx 00 eng d | ||
| 020 | _a971-789-014-5 | ||
| 050 |
_aM 220.9 _bH93 1999 |
||
| 100 | _aHurlburt, Jesse Lyman | ||
| 245 |
_aKid's bible story book / _cJesse Lyman Hurlbut ; edited by Toni Sortor ; illustrated by Marvin Jarbo. |
||
| 260 |
_aManila, Philippines : _bChristian Literature Crusade, _c1999. |
||
| 300 | _a363 p. | ||
| 650 | _aBible stories | ||
| 999 |
_c105274 _d105274 |
||